Όλες οι μέρες χιόνι

Αποθηκεύτηκε σε:
Λεπτομέρειες βιβλιογραφικής εγγραφής
Κύριος συγγραφέας: Αβρααμίδου, Χριστιάνα
Μορφή: Βιβλίο
Γλώσσα:Greek
Δημοσίευση: Αθήνα : Πλανόδιον, 2005.
Σειρά:Λογοτεχνικά φύλλα ; v.43
Θέματα:
Ετικέτες: Προσθήκη ετικέτας
Δεν υπάρχουν, Καταχωρήστε ετικέτα πρώτοι!

MARC

LEADER 00000cam a2200000 a 4500
001 1/121276
008 200429s2005####gr | ||| |||| ||gre||
020 |a 9608432324 
040 |a GR-MyUa  |b gre  |c GR-MyUa  |e AACR2 
041 0 |a gre 
082 7 |a 889.19  |2 (23) 
100 1 |a Αβρααμίδου, Χριστιάνα. 
245 1 0 |a Όλες οι μέρες χιόνι /   |c Χριστιάνα Αβρααμίδου.  
260 |a Αθήνα :   |b Πλανόδιον,   |c 2005.  
300 |a 60 σ. ;   |c 21 εκ.  
490 1 |a (Λογοτεχνικά φύλλα ;   |v vol.43)  
500 |a Τα λογοτεχνικά φύλλα συνοδεύουν τα τεύχη του Πλανόδιου (Περιοδικό Πλανόδιον, αρ. 39, Δεκέμβριος 2005) και στέλνονται δωρεάν στους συνδρομητές του περιοδικού.  
650 0 |a Greek poetry, Modern  |y 21st century. 
830 0 |a Λογοτεχνικά φύλλα ;  |v  v.43 
852 |a INST  |b RHODES  |e 20200429  |h 889.19 ΑΒΡ  |p 005400041496  |q 005400041496  |t BK  |y 0 
920 |a Δωρεά βιβλιοθήκης  |y Ρόδος  |z 2020-04 
970 |a Μαρία  |b Κωτάκου  |z 29-04-2020